000 00350nam a2200133Ia 4500
008 230917s9999||||xx |||||||||||||| ||und||
040 _e70316
_aMAIN
041 _aEnglish
082 _a338.1154 I2R
245 0 _aReport of the Indian famine commission 1901
260 _aCalcutta
_bOffice of Superintendent
_c1979
300 _a132 p.
942 _cBK
999 _c208664
_d208664